000
00331 a2200157 4500
001
59818
020
_a
3791527991
040
_c
Anchieta - Pituba
100
_a
DiCamillo, Kate
240
1
0
_a
Despereaux
_l
por
245
1
0
_a
Despereaux
300
_a
249
362
0
_a
2004
650
4
_a
Literatura juvenil em alemão
942
_c
BK
999
_c
59818
_d
59818